000 00630nam a2200241Ia 4500
003 OSt
005 20220924125502.0
006 a|||||r|||| 00| 0
007 ta
008 220923b |||||||| |||| 00| 0 tel d
020 _c12.00
024 _a335728
037 _cTextual
040 _aARTS
_cARTS
_btel
041 _2tel
_atel
082 _aO35,3NBI6,1, M4
100 _aKumar K.Kiran Au.
245 0 _aJeevanadhara
260 _aSecunderabad
_bAndhra Pradesh Book Dist. India
_c1984
650 _aTELUGU FICTION
942 _hO35,3NBI6,1, M4
_cTEXL
_2CC
999 _c422707
_d422707